[Event "Teteven op 30th"]
[Site "Teteven"]
[Date "2015.08.12"]
[Round "4"]
[White "Georgiev, Nikolay"]
[Black "Popov, Andrey"]
[Result "1-0"]
[WhiteElo "1567"]
[BlackElo "2084"]
[PlyCount "67"]
[EventDate "2015.08.10"]
[EventType "swiss"]
[EventRounds "9"]
[EventCountry "BUL"]
[SourceTitle "CBM 167 Extra"]
[Source "ChessBase"]
[SourceDate "2015.09.14"]
[SourceVersion "1"]
[SourceVersionDate "2015.09.14"]
[SourceQuality "1"]

1. e4 Nf6 2. e5 Nd5 3. d4 d6 4. Nf3 Bg4 5. Be2 e6 6. c4 Nb6 7. Bg5 Be7 8. Bxe7 Qxe7 9. Nc3 d5 10. c5 N6d7 11. h3 Bh5 12. b4 c6 13. 0-0 0-0 14. Qd2 h6 15. b5 Rc8 16. Rfb1 b6 17. cxb6 Nxb6 18. a4 a5 19. bxa6 Qd8 20. a5 N6d7 21. Na4 Nxa6 22. Nb6 Nxb6 23. axb6 Rcb8 24. Rxa6 Rxa6 25. Bxa6 Rxb6 26. Rxb6 Qxb6 27. Be2 c5 28. dxc5 Qxc5 29. Qd4 Qc1+ 30. Kh2 Qc2 31. Qd3 Qc5 32. Qd4 Qc2 33. Bd3 Qd1 34. Bh7+ 1-0

[Event "Kislovodsk Elo op"]
[Site "Kislovodsk"]
[Date "2012.01.21"]
[Round "7"]
[White "Popov, Andrey"]
[Black "Magomedov, Murad"]
[Result "1/2-1/2"]
[WhiteElo "2065"]
[BlackElo "2286"]
[PlyCount "144"]
[EventDate "2012.01.15"]
[EventType "swiss"]
[EventRounds "9"]
[EventCountry "RUS"]
[SourceTitle "EXT 2014"]
[Source "ChessBase"]
[SourceDate "2013.11.20"]
[SourceVersion "1"]
[SourceVersionDate "2013.11.20"]
[SourceQuality "1"]

1. c4 c5 2. Nc3 Nc6 3. g3 g6 4. Bg2 Bg7 5. Nf3 Nf6 6. 0-0 0-0 7. a3 d6 8. Rb1 e5 9. Ne1 Be6 10. Nd5 Rc8 11. Nc2 Qd7 12. d3 h6 13. Nxf6+ Bxf6 14. Bxh6 Rfe8 15. Bd2 Bh3 16. Ne3 Bxg2 17. Kxg2 Nd4 18. f3 Bg7 19. Nd5 f5 20. Bc3 Re6 21. e4 f4 22. Bxd4 cxd4 23. gxf4 exf4 24. Nxf4 Re5 25. Ne2 Rh5 26. Rh1 Qh3+ 27. Kf2 Rf8 28. Ng3 Rh4 29. Qf1 Qe6 30. Ne2 Qf6 31. Qg2 Bh6 32. Rhf1 Be3+ 33. Ke1 Kf7 34. Ng3 Rfh8 35. Rh1 Qe5 36. Nf1 Bf4 37. h3 Qa5+ 38. Kd1 Qa4+ 39. Ke1 Qd7 40. Rg1 g5 41. Rh1 Rxh3 42. Rxh3 Rxh3 43. b3 Qe6 44. Ra1 Qh6 45. Ra2 Qh5 46. Ke2 Rh1 47. Rc2 Be3 48. Qg4 Rh2+ 49. Kd1 Qxg4 50. fxg4 Rh1 51. Ke2 Bf4 52. c5 Rg1 53. Kf2 Rxg4 54. c6 bxc6 55. Rxc6 Rh4 56. Rc7+ Ke6 57. Rxa7 Rh3 58. Ke2 Rh8 59. b4 Rc8 60. b5 Rc2+ 61. Kd1 Rc1+ 62. Ke2 Rc2+ 63. Kd1 Rc1+ 64. Ke2 Rc2+ 65. Kf3 Rc3 66. Ke2 Rc2+ 67. Ke1 Rc1+ 68. Ke2 Rc2+ 69. Kd1 Rc1+ 70. Ke2 Rc2+ 71. Kd1 Rc1+ 72. Ke2 Rc2+ 1/2-1/2

[Event "Kislovodsk Elo op"]
[Site "Kislovodsk"]
[Date "2012.01.17"]
[Round "3"]
[White "Beglaryan, Araik"]
[Black "Popov, Andrey"]
[Result "1-0"]
[WhiteElo "2121"]
[BlackElo "2065"]
[PlyCount "91"]
[EventDate "2012.01.15"]
[EventType "swiss"]
[EventRounds "9"]
[EventCountry "RUS"]
[SourceTitle "EXT 2014"]
[Source "ChessBase"]
[SourceDate "2013.11.20"]
[SourceVersion "1"]
[SourceVersionDate "2013.11.20"]
[SourceQuality "1"]

1. e4 e6 2. d4 d5 3. e5 c5 4. c3 Nc6 5. Nf3 Bd7 6. a3 f6 7. Bd3 Qc7 8. 0-0 c4 9. Bc2 0-0-0 10. Bf4 Qb6 11. b4 g5 12. Bg3 g4 13. Nh4 f5 14. f3 Nh6 15. a4 gxf3 16. Nxf3 a5 17. bxa5 Qb2 18. Nbd2 Qxc3 19. a6 bxa6 20. Rc1 Ba3 21. Ra1 Ng4 22. Bf2 Be7 23. Rc1 Nxf2 24. Rxf2 Qa5 25. Bb1 Kc7 26. Nf1 Rb8 27. Ne3 Rb3 28. Re2 Rhb8 29. Ba2 R3b4 30. Bxc4 f4 31. Bxd5 exd5 32. e6 fxe3 33. exd7 Kxd7 34. Rec2 Rc4 35. Rxc4 dxc4 36. d5 Nb4 37. Ne5+ Kc7 38. d6+ Bxd6 39. Nxc4 Bc5 40. Nxa5 e2+ 41. Rxc5+ Kb6 42. Qd6+ Ka7 43. Rc7+ Ka8 44. Qe7 Nc6 45. Nxc6 Rb1+ 46. Kf2 1-0

[Event "Gorodovikovsk Bashanta"]
[Site "Gorodovikovsk"]
[Date "2010.04.11"]
[Round "4"]
[White "Dzhungurov, Vasily"]
[Black "Popov, Andrey"]
[Result "0-1"]
[WhiteElo "1942"]
[BlackElo "2084"]
[PlyCount "74"]
[EventDate "2010.04.11"]
[EventType "tourn"]
[EventRounds "9"]
[EventCountry "RUS"]
[SourceTitle "EXT 2012"]
[Source "ChessBase"]
[SourceDate "2011.11.24"]
[SourceVersion "1"]
[SourceVersionDate "2011.11.24"]
[SourceQuality "1"]

1. d4 d5 2. c4 c6 3. Nf3 Nf6 4. Nc3 a6 5. Bg5 Ne4 6. Bh4 Nxc3 7. bxc3 dxc4 8. e4 b5 9. Be2 g6 10. 0-0 Bg7 11. Bg3 Nd7 12. Qc2 0-0 13. Rfd1 Qe8 14. a4 e5 15. dxe5 Nxe5 16. Nxe5 Bxe5 17. f4 Bg7 18. Bf3 Bb7 19. Rab1 Qe7 20. Bf2 Qf6 21. Bd4 Qxf4 22. Bxg7 Kxg7 23. Qf2 Qc7 24. Qc5 Qb8 25. Kh1 Re8 26. Rd6 Qa7 27. Qg5 Bc8 28. Qf6+ Kg8 29. Rxc6 Be6 30. Rd6 Qe7 31. Qxe7 Rxe7 32. axb5 axb5 33. Rxb5 Ra3 34. h3 Rxc3 35. Rc5 Bxh3 36. gxh3 Rxf3 37. Rxc4 Rxh3+ 0-1

[Event "Stavropol Region-ch"]
[Site "Kislovodsk"]
[Date "2009.10.11"]
[Round "9"]
[White "Popov, Andrey"]
[Black "Tekeyev, Zaur"]
[Result "1-0"]
[WhiteElo "2004"]
[BlackElo "2053"]
[PlyCount "87"]
[EventDate "2009.10.03"]
[EventType "swiss"]
[EventRounds "9"]
[EventCountry "RUS"]
[SourceTitle "EXT 2022"]
[Source "ChessBase"]
[SourceDate "2021.10.06"]
[SourceVersion "1"]
[SourceVersionDate "2021.10.06"]
[SourceQuality "1"]

1. c4 e5 2. Nc3 Nc6 3. g3 g6 4. Bg2 Bg7 5. e3 Nge7 6. Nge2 0-0 7. 0-0 d6 8. d3 Be6 9. Nd5 Qd7 10. Rb1 f5 11. b4 g5 12. f4 gxf4 13. gxf4 Ng6 14. Qe1 Nd8 15. Ndc3 c6 16. b5 d5 17. bxc6 bxc6 18. cxd5 cxd5 19. a4 Rc8 20. d4 exd4 21. exd4 Rc4 22. Qd2 Nc6 23. Ba3 Rd8 24. Bc5 Bf6 25. Rfd1 Qg7 26. Kh1 Kh8 27. Ra1 Na5 28. Rab1 Nc6 29. Rb5 Nce7 30. Ng3 Qh6 31. Bf1 Nxf4 32. Bxc4 dxc4 33. Bxe7 Bxe7 34. d5 Bg5 35. Qd4+ Kg8 36. Qxc4 Bd7 37. Rb2 Rc8 38. Qb3 Nh3 39. Nb5 Be3 40. Rf1 f4 41. Ne4 Qb6 42. Rg2+ Kf8 43. d6 Ng5 44. Rxg5 1-0

[Event "Stavropol Region-ch"]
[Site "Kislovodsk"]
[Date "2009.10.10"]
[Round "8"]
[White "Birjukov, Sergey"]
[Black "Popov, Andrey"]
[Result "0-1"]
[WhiteElo "2248"]
[BlackElo "2004"]
[PlyCount "196"]
[EventDate "2009.10.03"]
[EventType "swiss"]
[EventRounds "9"]
[EventCountry "RUS"]
[SourceTitle "EXT 2022"]
[Source "ChessBase"]
[SourceDate "2021.10.06"]
[SourceVersion "1"]
[SourceVersionDate "2021.10.06"]
[SourceQuality "1"]

1. d4 d5 2. c4 c6 3. cxd5 cxd5 4. Nc3 Nf6 5. Bf4 Nc6 6. e3 a6 7. Bd3 Bg4 8. f3 Bh5 9. Nge2 e6 10. 0-0 Be7 11. Rc1 0-0 12. a3 Bg6 13. Na4 Bxd3 14. Qxd3 Nd7 15. e4 dxe4 16. fxe4 Rc8 17. Qg3 Nf6 18. Bh6 Ne8 19. Rcd1 Bh4 20. Qg4 f5 21. exf5 exf5 22. Rxf5 Rxf5 23. Qxf5 gxh6 24. Nc5 Ng7 25. Qg4 h5 26. Qe4 Qe7 27. Nc3 Qxe4 28. N3xe4 Be7 29. Nxb7 Rc7 30. d5 Rxb7 31. dxc6 Rc7 32. Rd7 Rxd7 33. cxd7 Ne6 34. Kf1 Kf7 35. Ke2 Nd8 36. Ng3 h4 37. Nf5 Ke6 38. Nxe7 Kxe7 39. Kf3 Kxd7 40. Kg4 Ke6 41. Kxh4 Nc6 42. Kg5 Kf7 43. Kf5 Na5 44. b4 Nc4 45. a4 Ke7 46. g4 Nb6 47. a5 Nd5 48. b5 axb5 49. a6 Kd6 50. a7 Nb6 51. Ke4 Kc5 52. Kd3 Kd5 53. Kc3 Kc6 54. h4 Kb7 55. Kb4 Kxa7 56. Kxb5 Kb7 57. g5 Nd7 58. h5 Kc7 59. Kc4 Kd6 60. Kd4 Ke6 61. Ke4 Nc5+ 62. Kf4 Nb7 63. Ke4 Nd6+ 64. Kf4 Ne8 65. Kg4 Nc7 66. Kf4 Nd5+ 67. Ke4 Ne7 68. Kf4 Ng8 69. Ke4 Ne7 70. Kf4 Nf5 71. Kg4 Ke5 72. Kf3 Ne7 73. Kg4 Ke4 74. h6 Ng6 75. Kh5 Ke5 76. Kg4 Ke6 77. Kh5 Kf7 78. Kg4 Ne7 79. Kh5 Kg8 80. Kg4 Kf8 81. Kh5 Kf7 82. Kg4 Kg6 83. Kh4 Nd5 84. Kg4 Nc7 85. Kh4 Ne6 86. Kg4 Nxg5 87. Kh4 Kxh6 88. Kg4 Kg6 89. Kh4 h5 90. Kg3 Ne6 91. Kh4 Nd4 92. Kg3 Kg5 93. Kh3 h4 94. Kg2 Kg4 95. Kh2 Ne6 96. Kg2 h3+ 97. Kh2 Ng5 98. Kg1 Kg3 0-1

[Event "Moscow op-B"]
[Site "Moscow"]
[Date "2009.02.08"]
[Round "9"]
[White "Antonov, Alexandr"]
[Black "Popov, Andrey"]
[Result "1/2-1/2"]
[WhiteElo "2121"]
[BlackElo "1988"]
[PlyCount "39"]
[EventDate "2009.01.31"]
[EventType "swiss"]
[EventRounds "9"]
[EventCountry "RUS"]
[SourceTitle "EXT 2012"]
[Source "ChessBase"]
[SourceDate "2011.11.24"]
[SourceVersion "1"]
[SourceVersionDate "2011.11.24"]
[SourceQuality "1"]

1. e4 e5 2. Nf3 Nc6 3. Bc4 Bc5 4. c3 Nf6 5. d3 0-0 6. 0-0 d6 7. b4 Bb6 8. a4 a6 9. a5 Ba7 10. Nbd2 Ne7 11. Qb3 Ng6 12. Ra2 c6 13. Qc2 Qe7 14. Bb3 Be6 15. Bxe6 Qxe6 16. Qb3 Nf4 17. Qxe6 fxe6 18. Nc4 Rad8 19. Rd1 h6 20. Be3 1/2-1/2

[Event "Moscow op-B"]
[Site "Moscow"]
[Date "2009.02.07"]
[Round "8"]
[White "Popov, Andrey"]
[Black "Golynsky, Yuri"]
[Result "1/2-1/2"]
[WhiteElo "1988"]
[BlackElo "2164"]
[PlyCount "87"]
[EventDate "2009.01.31"]
[EventType "swiss"]
[EventRounds "9"]
[EventCountry "RUS"]
[SourceTitle "EXT 2012"]
[Source "ChessBase"]
[SourceDate "2011.11.24"]
[SourceVersion "1"]
[SourceVersionDate "2011.11.24"]
[SourceQuality "1"]

1. c4 Nf6 2. Nc3 c6 3. Nf3 d5 4. e3 e6 5. d4 Nbd7 6. Qc2 Be7 7. b3 b6 8. Be2 Bb7 9. 0-0 0-0 10. Bb2 Qc7 11. cxd5 cxd5 12. Rac1 Rac8 13. Qb1 Qb8 14. h3 a6 15. Rc2 b5 16. a3 Ne8 17. Rfc1 Nd6 18. Bd3 f5 19. Ne2 Rxc2 20. Rxc2 g5 21. Ne5 Nxe5 22. dxe5 Ne4 23. Bxe4 dxe4 24. Nd4 Bd5 25. Nc6 Qe8 26. Nxe7+ Qxe7 27. Qc1 Rf7 28. Rc8+ Kg7 29. Qc2 Qb7 30. Rc5 Kg6 31. Bd4 h5 32. Qc3 Kh7 33. Rc8 h4 34. Qc5 Bxb3 35. Re8 g4 36. hxg4 fxg4 37. Qd6 Qc7 38. Bc5 g3 39. fxg3 hxg3 40. Qxc7 Rxc7 41. Re7+ Rxe7 42. Bxe7 Kg6 43. Bh4 Kf5 44. Bxg3 1/2-1/2

[Event "Moscow op-B"]
[Site "Moscow"]
[Date "2009.02.05"]
[Round "6"]
[White "Popov, Andrey"]
[Black "Makhno, Mikhail"]
[Result "1-0"]
[WhiteElo "1988"]
[BlackElo "1621"]
[PlyCount "81"]
[EventDate "2009.01.31"]
[EventType "swiss"]
[EventRounds "9"]
[EventCountry "RUS"]
[SourceTitle "EXT 2012"]
[Source "ChessBase"]
[SourceDate "2011.11.24"]
[SourceVersion "1"]
[SourceVersionDate "2011.11.24"]
[SourceQuality "1"]

1. c4 e6 2. Nf3 Nf6 3. Nc3 d5 4. e3 Nc6 5. d4 Bb4 6. a3 Bxc3+ 7. bxc3 Ne4 8. Qc2 Ng5 9. Nd2 f5 10. Be2 0-0 11. cxd5 exd5 12. Nf3 Ne4 13. 0-0 Qe8 14. c4 Be6 15. Nd2 Qg6 16. Nxe4 fxe4 17. f3 Bf5 18. Qd2 exf3 19. Bxf3 Be4 20. Bxe4 Rxf1+ 21. Kxf1 Qxe4 22. cxd5 Rf8+ 23. Kg1 Qxd5 24. Bb2 Na5 25. Re1 Nc4 26. Qc2 Qb5 27. Bc1 Kh8 28. Qc3 Qf5 29. h3 Nd6 30. Qd2 Ne4 31. Qc2 Qg6 32. Re2 h6 33. Qxc7 Rf3 34. d5 Rf7 35. Qe5 Ng5 36. Qe8+ Kh7 37. Qc8 Qf6 38. Qc2+ Kh8 39. Rf2 Qe7 40. Rxf7 Nxf7 41. Qc3 1-0

[Event "Riazan op"]
[Site "Riazan"]
[Date "2007.08.??"]
[Round "?"]
[White "Panchenko, Dmitry"]
[Black "Popov, Andrey"]
[Result "1-0"]
[WhiteElo "2419"]
[BlackElo "2086"]
[PlyCount "55"]
[EventDate "2007.08.??"]
[EventType "swiss"]
[EventRounds "9"]
[EventCountry "RUS"]
[SourceTitle "EXT 2009"]
[Source "ChessBase"]
[SourceDate "2008.11.26"]
[SourceVersion "1"]
[SourceVersionDate "2008.11.26"]
[SourceQuality "1"]

1. e4 c5 2. Nf3 e6 3. d4 cxd4 4. Nxd4 a6 5. Nc3 Qc7 6. a3 Nf6 7. Be3 Nc6 8. Be2 Be7 9. 0-0 0-0 10. f4 d6 11. Kh1 Nd7 12. Bf3 Nxd4 13. Bxd4 Bf6 14. Qd2 Bxd4 15. Qxd4 Rd8 16. Rad1 Nf6 17. e5 Ne8 18. Be4 d5 19. f5 Bd7 20. fxe6 Bxe6 21. Nxd5 Qa5 22. c4 Rac8 23. Bxh7+ Kf8 24. Bg6 Nc7 25. b4 Qa4 26. Qc5+ Kg8 27. Ne7+ Kh8 28. Qf2 1-0